Tutti gli Stati che hanno controllato Kyoto - Statistics

Statistiche generali
  • Questo quiz è stato fatto 3 volte
  • Il punteggio medio è 6 su 13
Statistiche sulle risposte
con Immagini Hint Risposta % Corretto
1952 - Oggi Stato del Giappone
100%
1945 - 1952 Alleati (USA)
67%
1868 - 1945 Impero Giapponese
67%
794 - 1183 Impero Giapponese del Periodo Heian
67%
1467 - 1477 Clan Hosokawa
33%
1183 - 1185 Clan Minamoto
33%
1573 - 1582 Clan Oda
33%
1582 - 1603 Clan Toyotomi
33%
1467 - 1477 Clan Yamana
33%
1336 - 1467 Shogunato Ashikaga
33%
1477 - 1573 Shogunato Ashikaga
33%
1185 - 1336 Shogunato Kamakura
33%
1603 - 1868 Shogunato Tokugawa
33%
Nessun quiz corrispondente trovato
Distribuzione punteggi
Percentuale di utenti per punteggio
Percentile per numero di risposta
I tuoi punteggi nel tempo
Non hai fatto questo quiz